Régions de France par frontières en une minute - Statistiques

Statistiques générales
  • Ce quiz a été pris 942 fois
  • Le résultat moyen est 15 sur 18
Réponses sur la Carte
Les réponses sont colorées sur une échelle allant du rouge au vert en fonction du pourcentage des utilisateurs qui les ont devinées à leur premier essai. Vous pouvez retrouver ces pourcentages ci-dessous.
 
Statistiques - réponses
Region % Correct
Normandie
99%
Bourgogne-Franche-Comté
97%
Centre-Val de Loire
97%
Hauts-de-France
97%
Île-de-France
97%
Pays de la Loire
97%
Bretagne
96%
Grand Est
96%
Occitanie
95%
Nouvelle Aquitaine
93%
Provence-Alpes-Côte d'Azur
92%
Corse
87%
Auvergne-Rhône-Alpes
76%
Guadeloupe
68%
Martinique
68%
Réunion
67%
Mayotte
57%
Guyane Française
13%
Aucun quiz correspondant
Distribution des résultats
% des personnes avec chaque résultat
Percentile par nombre de réponses
Votre historique - résultats
Vous n’avez pas pris ce quiz